ACC College Football Team - Statistics

General Stats
  • This quiz has been taken 11 times
  • The average score is 14 of 17
Answer Stats
School % Correct
Miami
100%
Boston College
91%
Clemson
91%
Florida State
91%
North Carolina
91%
California
82%
Georgia Tech
82%
NC State
82%
Stanford
82%
Virginia
82%
Virginia Tech
82%
Duke
73%
Louisville
73%
Syracuse
73%
Wake Forest
73%
Pittsburgh
64%
SMU
64%
No matching quizzes found
Score Distribution
Percent of People with Each Score
Percentile by Number Answered
Your Score History
You have not taken this quiz